A textbook of engineering physics

Saved in:
Bibliographic Details
Main Author: AVADHANULU,M.N
Format: Book
Language:English
Published: S. Chand 2013
Tags: Add Tag
No Tags, Be the first to tag this record!

MARC

LEADER 00000nam a22000007a 4500
008 201210b ||||| |||| 00| 0 eng d
020 |a 81-219-0817-5 
100 |a AVADHANULU,M.N. 
245 |a A textbook of engineering physics 
250 |b 10th 
260 |c 2013  |h New Delhi  |i 691731-TECH,691732  |l QC20.Av2  |m engineering physics  |m ,Kshirsagar,P .G.  |m Title.  |b S. Chand 
942 |a lcc  |c BK  |e Mr ogunleye 
952 |0 0  |1 0  |2 lcc  |4 0  |6 QC0020 A V2  |7 0  |9 338  |a HOL  |b TL  |c QZ  |d 2020-12-10  |l 0  |o QC20 .Av2  |p 2020-2073  |r 2020-12-10 00:00:00  |w 2020-12-10  |y BK 
952 |0 0  |1 0  |2 lcc  |4 0  |6 QC0020 A V2  |7 0  |9 339  |a HOL  |b HOL  |c QZ  |d 2020-12-10  |l 0  |o QC20 .Av2  |p 2020-2074  |r 2020-12-10 00:00:00  |w 2020-12-10  |y BK 
999 |c 159  |d 159